| 000 | 00461nam a2200157 a 4500 | ||
|---|---|---|---|
| 001 | 000034205 | ||
| 005 | 20200930070851.0 | ||
| 008 | 110928s2006 dr ab 000 0 spa d | ||
| 020 | _a9945160575 | ||
| 040 |
_aDO-SdBNP _bspa _cBNPHU |
||
| 100 | 1 |
_aBrito, Antonio _959626 |
|
| 245 | 1 | 0 |
_aMétodo de guitarra I : _buna forma práctica de aprender /. |
| 260 |
_a[Santo Domingo] : _bEditora Búho, _c2006. |
||
| 300 |
_a56 p. : _bil., mús. ; _c30 cm. |
||
| 049 | _aBNPD | ||
| 999 |
_c33696 _d33696 |
||